000 00584nam a22001935i 4500
001 54082
003 ES-MaACL
005 20250912063039.0
007 t|
008 960710s1895 it a ||||1| ita d
040 _aCAM
_bspa
_cCAM
100 1 _aFerri, Enrico,
_d1856-1929
_950564
245 1 0 _aAtlante antropologico-statistico dell'omicidio /
_cEnrico Ferri.
260 _aTorino :
_bFratelli Bocca editori,
_c1895 (
_fTipografia Vicenzo Bona)
300 _aVI, 333 p. ;
_c23 cm.
650 0 4 _aHomicidio.
_913467
852 _aES-MaACL
_jF-9971
999 _c54082
_d54082